Energías e impacto ambiental /

Gespeichert in:
Bibliographische Detailangaben
1. Verfasser: Azcárate Luxán, Blanca (autor)
Weitere Verfasser: Mingorance Jiménez, Alfredo (autor) (autor)
Format: Buch
Sprache:Spanisch
Veröffentlicht: Madrid, España : Equipo Sirius, 2002, c2002
Schriftenreihe:(Milenium)
Schlagworte:
Tags: Tag hinzufügen
Keine Tags, Fügen Sie das erste Tag hinzu!

MARC

LEADER 00000nam^a2200000^a^4500
001 000154699
005 20250521000000.0
009 20260310100404.727
020 |a 84-95495-35-X 
037 |a Acervo ITESO - Biblioteca 
041 |a ESP 
082 |a 333. 794  |b AZC 
100 |a Azcárate Luxán, Blanca  |e (autor) 
245 1 0 |a Energías e impacto ambiental /  |c B. Azcárate Luxán, A. Mingorance Jiménez. 
264 4 |a Madrid, España :  |b Equipo Sirius,  |c 2002, c2002 
300 |a 253 p. 
336 |a texto  |b txt  |2 rdacontenido 
337 |a sin mediación  |b n  |2 rdamedio 
338 |a volumen  |b nc  |2 rdasoporte 
440 1 |a (Milenium) 
649 |a XX 
650 |a Petróleo 
650 |a Combustibles 
650 |a Agua 
650 |a Energía Eléctrica -  |x Producción 
650 |a Energía Eléctrica 
650 |a Recursos Energéticos 
650 |a Recursos Renovables 
650 |a Recursos Energéticos 
650 |a Recursos Naturales 
650 |a Contaminación Ambiental 
650 |a Impacto Ambiental 
650 |a Política Ambiental 
650 |a Desarrollo Sustentable 
650 |a Conservación y Protección Ambiental 
650 |a Medio Ambiente 
650 |a Demografía 
650 |a Física 
650 |a Ingeniería Ambiental 
700 |a Mingorance Jiménez, Alfredo  |e (autor) 
910 |a Fondo General 
920 |a Impresos - Libros 
930 |a Colección General 
905 |a 101 
901 |a 0500086642  |b IT1  |c ACC  |u 20250521 
902 |a https://opac.biblio.iteso.mx/vufind/Record/000154699